| 000 | 00547nam a22001697a 4500 | ||
|---|---|---|---|
| 003 | BD-ChCU | ||
| 005 | 20260104123552.0 | ||
| 008 | 260104b bg ||||| |||| 00| 0 ben d | ||
| 040 | _cBD-ChCU | ||
| 082 | _a330.956 STU | ||
| 100 |
_aM. A. Cook . ed. _918571 |
||
| 245 |
_aStudies in the economic history of the middle East : _bfrom the rise of Islam to the present day ./ _cM.A. Cook . |
||
| 260 |
_aOxford : _bOxford Univ. press , _cC 1978 |
||
| 300 | _aix , 526p | ||
| 650 | 0 |
_aMiddle - East - Economic conditions. _918573 |
|
| 942 |
_2ddc _cBK _n0 |
||
| 999 |
_c110678 _d110678 |
||